000 00490nam a2200169Ia 4500
008 230524s9999 xx 000 0 und d
020 _a9789382332725
082 _a670.42
_bSAW
100 _aG.S. Sawhney
_942949
245 0 _aManufacturing scienceVol-II : Metal Cutting Conventional and Non-Conventional Machining Welding
250 _a1
260 _aNew Delhi
_bI.K.International
_c2015
300 _a"X,289p;"
500 _aQuantity Number: 1
650 _aMechanics
942 _cBK
999 _c57909
_d57909